00374 a2200145 4500003000400000005001700004008004100021020001800062040000900080082001800089100002000107245006300127260002800190300001000218OSt20231004133030.0230923b |||||||| |||| 00| 0 eng d a9789353944902 coclc a006.31bFEN/M1 aFenner, Mark E. aMachine learning with Python for everyone /cMark E Fenner aIndia:bPearson,c2023. a473 p